[Event "Al Ain op 4th"]
[Site "Al Ain"]
[Date "2015.12.26"]
[Round "4"]
[White "Zhigalko, Sergei"]
[Black "Deepan Chakkravarthy, J."]
[Result "1-0"]
[WhiteElo "2655"]
[BlackElo "2496"]
[PlyCount "97"]
[EventDate "2015.12.23"]
[EventType "swiss"]
[EventRounds "9"]
[EventCountry "UAE"]
[SourceTitle "CBM 170 Extra"]
[Source "ChessBase"]
[SourceDate "2016.02.25"]
[SourceVersion "1"]
[SourceVersionDate "2016.02.25"]
[SourceQuality "1"]

1. e4 e5 2. Nf3 Nc6 3. Bb5 a6 4. Ba4 Nf6 5. O-O Be7 6. Re1 b5 7. Bb3 d6 8. c3 O-O 9. h3 Bb7 10. d3 Nd7 11. Bc2 Bf6 12. Nbd2 Nc5 13. Nf1 Ne6 14. Ng3 g6 15. Be3 Ne7 16. d4 c5 17. Qd2 Rc8 18. d5 Nc7 19. b3 Bg7 20. c4 Rb8 21. Nh2 Bc8 22. Rab1 Bd7 23. f4 Qc8 24. Rf1 f6 25. f5 bxc4 26. bxc4 Rxb1 27. Bxb1 Kh8 28. Bd3 Na8 29. h4 Ng8 30. Ng4 Rf7 31. Rb1 Bf8 32. Rb3 Ba4 33. Ra3 Be8 34. Qf2 Nb6 35. Rb3 Rb7 36. Be2 Nd7 37. fxg6 hxg6 38. h5 Rxb3 39. axb3 g5 40. Bd2 Qb7 41. Bd1 Be7 42. Nf5 Bf8 43. Nge3 Nb6 44. Ba5 Nc8 45. Qa2 Nge7 46. Bd8 Kg8 47. Ng4 Kf7 48. Qf2 Ng8 49. Nxf6 1-0

[Event "Al Ain op 4th"]
[Site "Al Ain"]
[Date "2015.12.26"]
[Round "5"]
[White "Parligras, Mircea Emilian"]
[Black "Zhigalko, Sergei"]
[Result "1/2-1/2"]
[WhiteElo "2586"]
[BlackElo "2655"]
[PlyCount "52"]
[EventDate "2015.12.23"]
[EventType "swiss"]
[EventRounds "9"]
[EventCountry "UAE"]
[SourceTitle "CBM 170 Extra"]
[Source "ChessBase"]
[SourceDate "2016.02.25"]
[SourceVersion "1"]
[SourceVersionDate "2016.02.25"]
[SourceQuality "1"]

1. d4 Nf6 2. c4 e6 3. Nc3 Bb4 4. Qc2 O-O 5. a3 Bxc3+ 6. Qxc3 d6 7. Nf3 b6 8. g3 Bb7 9. Bg2 c5 10. O-O cxd4 11. Qxd4 Nc6 12. Qd3 d5 13. cxd5 Qxd5 14. Qxd5 Nxd5 15. Bd2 e5 16. e4 Nc7 17. Rfd1 Rfd8 18. Bc3 f6 19. Bf1 Ba6 20. Bxa6 Nxa6 21. b4 Nc7 22. Rac1 Rxd1+ 23. Rxd1 Rd8 24. Rxd8+ Nxd8 25. Kf1 Kf7 26. Ke2 Nb5 1/2-1/2

[Event "Al Ain op 4th"]
[Site "Al Ain"]
[Date "2015.12.27"]
[Round "6"]
[White "Zhigalko, Sergei"]
[Black "Azarov, Sergei Nikolaevich"]
[Result "1/2-1/2"]
[WhiteElo "2655"]
[BlackElo "2595"]
[PlyCount "125"]
[EventDate "2015.12.23"]
[EventType "swiss"]
[EventRounds "9"]
[EventCountry "UAE"]
[SourceTitle "CBM 170 Extra"]
[Source "ChessBase"]
[SourceDate "2016.02.25"]
[SourceVersion "1"]
[SourceVersionDate "2016.02.25"]
[SourceQuality "1"]

1. e4 e5 2. Nf3 Nc6 3. Bb5 f5 4. d3 fxe4 5. dxe4 Nf6 6. O-O d6 7. Qd3 a6 8. Ba4 Be7 9. Nc3 b5 10. Bb3 Na5 11. Bg5 Bg4 12. Bxf6 Bxf6 13. a4 Nxb3 14. cxb3 Rb8 15. axb5 axb5 16. h3 Bxf3 17. Qxf3 O-O 18. Nd5 c6 19. Nb4 Rc8 20. Ra6 Qd7 21. Qg4 Qf7 22. Nxc6 Qxb3 23. Qe2 d5 24. exd5 Qxd5 25. Rd1 Qc5 26. b4 Qc3 27. Qxb5 Bh4 28. g3 Bxg3 29. Qd5+ Kh8 30. fxg3 Qxg3+ 31. Qg2 Qe3+ 32. Kh1 Rf2 33. Qg4 Rcf8 34. Rg1 g6 35. Ra7 R2f6 36. Rc7 h5 37. Qg2 g5 38. Ne7 Rf3 39. Ng6+ Kg8 40. Ne7+ Kh8 41. Ng6+ Kg8 42. Nf4 Qxf4 43. Qxg5+ Qxg5 44. Rxg5+ Kh8 45. Rxh5+ Kg8 46. Rg5+ Kh8 47. Kg2 Rb3 48. Rc4 Rf4 49. Rg4 Rxc4 50. Rxc4 Kg7 51. h4 Kf6 52. Kf2 Kf5 53. Ke2 e4 54. h5 Kf4 55. h6 Rb2+ 56. Kd1 Rh2 57. Rc6 e3 58. b5 Rh1+ 59. Ke2 Rh2+ 60. Kd3 Rd2+ 61. Kc3 Rd7 62. Re6 Kf3 63. Kc4 1/2-1/2

[Event "Al Ain op 4th"]
[Site "Al Ain"]
[Date "2015.12.28"]
[Round "7"]
[White "Zhigalko, Sergei"]
[Black "Gabuzyan, Hovhannes"]
[Result "1/2-1/2"]
[WhiteElo "2655"]
[BlackElo "2585"]
[PlyCount "119"]
[EventDate "2015.12.23"]
[EventType "swiss"]
[EventRounds "9"]
[EventCountry "UAE"]
[SourceTitle "CBM 170 Extra"]
[Source "ChessBase"]
[SourceDate "2016.02.25"]
[SourceVersion "1"]
[SourceVersionDate "2016.02.25"]
[SourceQuality "1"]

1. d4 Nf6 2. c4 g6 3. Nc3 d5 4. Bf4 Bg7 5. e3 O-O 6. Rc1 c6 7. Nf3 Qb6 8. Qd2 Bg4 9. Ne5 Be6 10. Be2 Nbd7 11. Nxd7 Bxd7 12. O-O dxc4 13. Bxc4 Bf5 14. f3 Qb4 15. Be2 Nd5 16. a3 Qa5 17. b4 Qd8 18. Nxd5 Qxd5 19. Rfd1 Be6 20. b5 cxb5 21. Rc5 Qb3 22. Rxb5 Qxa3 23. Rxb7 Rfd8 24. Qe1 Bd5 25. Rb4 Rdc8 26. Ra1 Qc3 27. Qxc3 Rxc3 28. Kf1 Bc6 29. Ra5 h6 30. Rc4 Rxc4 31. Bxc4 e6 32. Bd6 Bf8 33. Bc5 Bxc5 34. Rxc5 Be8 35. d5 exd5 36. Bxd5 Rb8 37. e4 Kf8 38. h4 a6 39. Kf2 Kg7 40. Ke3 Kf6 41. f4 h5 42. Rc7 Kg7 43. Ra7 Rb6 44. e5 Kf8 45. g3 Rb5 46. Kd4 Ra5 47. e6 fxe6 48. Bxe6 Rb5 49. Rxa6 Rb7 50. Ke5 Kg7 51. Rd6 Bf7 52. Rd7 Rxd7 53. Bxd7 Bb3 54. Be6 Bd1 55. Bc4 Bg4 56. Bd5 Bd1 57. Ke6 Bg4+ 58. Ke7 Bd1 59. Be6 Be2 60. Bd7 1/2-1/2

[Event "Al Ain op 4th"]
[Site "Al Ain"]
[Date "2015.12.29"]
[Round "8"]
[White "Kovchan, Alexander"]
[Black "Zhigalko, Sergei"]
[Result "0-1"]
[WhiteElo "2583"]
[BlackElo "2655"]
[PlyCount "74"]
[EventDate "2015.12.23"]
[EventType "swiss"]
[EventRounds "9"]
[EventCountry "UAE"]
[SourceTitle "CBM 170 Extra"]
[Source "ChessBase"]
[SourceDate "2016.02.25"]
[SourceVersion "1"]
[SourceVersionDate "2016.02.25"]
[SourceQuality "1"]

1. e4 c5 2. Nf3 Nc6 3. d4 cxd4 4. Nxd4 Nf6 5. Nc3 e5 6. Ndb5 d6 7. Bg5 a6 8. Na3 b5 9. Nd5 Be7 10. Bxf6 Bxf6 11. c4 b4 12. Nc2 O-O 13. g3 a5 14. Bg2 Bg5 15. O-O Ne7 16. h4 Bh6 17. Nce3 Bxe3 18. Nxe3 Be6 19. Qd3 Qc7 20. Rfd1 Rfd8 21. Rac1 Nc6 22. Nf5 a4 23. Qe3 Ra5 24. Kh2 Kh8 25. Qd2 Rd7 26. Nxd6 h6 27. f4 f6 28. fxe5 Rxe5 29. Bf3 Rc5 30. Be2 Ne5 31. Qd4 Kg8 32. Rc2 Qc6 33. Rcd2 Nf7 34. e5 fxe5 35. Qe4 Rxd6 36. Qg6 Rxd2 37. Rxd2 Bxc4 0-1

[Event "Al Ain op 4th"]
[Site "Al Ain"]
[Date "2015.12.30"]
[Round "9"]
[White "Zhigalko, Sergei"]
[Black "Shirov, Alexei"]
[Result "1/2-1/2"]
[WhiteElo "2655"]
[BlackElo "2676"]
[PlyCount "61"]
[EventDate "2015.12.23"]
[EventType "swiss"]
[EventRounds "9"]
[EventCountry "UAE"]
[SourceTitle "CBM 170 Extra"]
[Source "ChessBase"]
[SourceDate "2016.02.25"]
[SourceVersion "1"]
[SourceVersionDate "2016.02.25"]
[SourceQuality "1"]

1. e4 e5 2. Nf3 Nf6 3. Nxe5 d6 4. Nf3 Nxe4 5. Nc3 Nxc3 6. dxc3 Be7 7. Be3 Nc6 8. Qd2 Be6 9. O-O-O Qd7 10. Kb1 Bf6 11. h4 O-O-O 12. Nd4 Bxd4 13. cxd4 d5 14. h5 h6 15. f3 Bf5 16. g4 Bh7 17. Bh3 b6 18. Rc1 Kb7 19. Ka1 a5 20. Rhd1 Rhe8 21. Bf4 Nb4 22. b3 Qe7 23. Bf1 a4 24. c3 Nc6 25. Re1 Qd7 26. Rxe8 Rxe8 27. Bb5 axb3 28. c4 Re6 29. axb3 Qe7 30. c5 Qf6 31. Bxc6+ 1/2-1/2

[Event "BLR-ch 82nd"]
[Site "Minsk"]
[Date "2016.01.08"]
[Round "2"]
[White "Aleksandrov, Aleksej"]
[Black "Zhigalko, Sergei"]
[Result "1/2-1/2"]
[WhiteElo "2596"]
[BlackElo "2655"]
[PlyCount "30"]
[EventDate "2016.01.07"]
[EventType "tourn"]
[EventRounds "13"]
[EventCountry "BLR"]
[EventCategory "8"]
[SourceTitle "CBM 170 Extra"]
[Source "ChessBase"]
[SourceDate "2016.02.25"]
[SourceVersion "1"]
[SourceVersionDate "2016.02.25"]
[SourceQuality "1"]

1. d4 Nf6 2. c4 e6 3. Nc3 Bb4 4. e3 O-O 5. Bd3 d5 6. Nf3 b6 7. O-O Bb7 8. Qc2 dxc4 9. Bxc4 Nbd7 10. Rd1 Qe7 11. a3 Bxc3 12. Qxc3 c5 13. b4 Ne4 14. Qb3 Nd6 15. dxc5 Nxc4 1/2-1/2

[Event "BLR-ch 82nd"]
[Site "Minsk"]
[Date "2016.01.09"]
[Round "3"]
[White "Zhigalko, Sergei"]
[Black "Harshkou, Mikita"]
[Result "1-0"]
[WhiteElo "2655"]
[BlackElo "2303"]
[PlyCount "89"]
[EventDate "2016.01.07"]
[EventType "tourn"]
[EventRounds "13"]
[EventCountry "BLR"]
[EventCategory "8"]
[SourceTitle "CBM 170 Extra"]
[Source "ChessBase"]
[SourceDate "2016.02.25"]
[SourceVersion "1"]
[SourceVersionDate "2016.02.25"]
[SourceQuality "1"]

1. d4 e6 2. Nf3 f5 3. g3 Nf6 4. Bg2 Be7 5. O-O O-O 6. c4 Ne4 7. Nc3 Bf6 8. Qc2 Nxc3 9. bxc3 d6 10. e4 fxe4 11. Qxe4 Nc6 12. c5 dxc5 13. Ba3 Be7 14. Bxc5 Bxc5 15. dxc5 Qe7 16. Qe3 Rf5 17. Nd4 Rxc5 18. Nxc6 bxc6 19. Rfe1 e5 20. f4 Bf5 21. fxe5 Re8 22. e6 a5 23. Rad1 Rc4 24. Rd4 Qxe6 25. Rxc4 Qxe3+ 26. Rxe3 Rxe3 27. Rxc6 Be6 28. Kf2 Re5 29. c4 Bg4 30. h3 Bf5 31. Rxc7 h6 32. g4 Bd3 33. Bf3 Be4 34. Be2 a4 35. a3 Re8 36. c5 Rb8 37. Bc4+ Kh7 38. Ke3 Bg2 39. h4 Bh3 40. Kf4 Rf8+ 41. Kg3 Bf1 42. Rf7 Rxf7 43. Bxf7 Bb5 44. Kf4 Bd7 45. g5 1-0

[Event "BLR-ch 82nd"]
[Site "Minsk"]
[Date "2016.01.10"]
[Round "4"]
[White "Meribanov, Vitaly"]
[Black "Zhigalko, Sergei"]
[Result "1-0"]
[WhiteElo "2398"]
[BlackElo "2655"]
[PlyCount "143"]
[EventDate "2016.01.07"]
[EventType "tourn"]
[EventRounds "13"]
[EventCountry "BLR"]
[EventCategory "8"]
[SourceTitle "CBM 170 Extra"]
[Source "ChessBase"]
[SourceDate "2016.02.25"]
[SourceVersion "1"]
[SourceVersionDate "2016.02.25"]
[SourceQuality "1"]

1. Nf3 Nf6 2. c4 e6 3. Nc3 Bb4 4. Qc2 O-O 5. a3 Bxc3 6. Qxc3 d6 7. b4 e5 8. e3 Re8 9. Bb2 Nbd7 10. d3 Nf8 11. Be2 Ng6 12. O-O Bd7 13. a4 a5 14. b5 c5 15. Nd2 Bf5 16. Bf3 Qd7 17. e4 Be6 18. g3 Bh3 19. Bg2 Nf4 20. Bf3 Bxf1 21. Nxf1 Ne6 22. Bg2 Nd4 23. Re1 Ng4 24. h3 Nh6 25. Ne3 f5 26. Nd5 Qf7 27. Qd2 Kh8 28. Bxd4 cxd4 29. exf5 Nxf5 30. b6 Rec8 31. Rb1 Rc5 32. Nc7 Rb8 33. Rb5 Rxb5 34. Nxb5 d5 35. Bxd5 Qf6 36. Qxa5 Rf8 37. Qe1 Qxb6 38. Qxe5 Qh6 39. Nxd4 Nxd4 40. Qxd4 Qxh3 41. Bxb7 Re8 42. Be4 Rb8 43. Qa1 h5 44. a5 h4 45. gxh4 Qg4+ 46. Bg2 Qe2 47. a6 Rb2 48. Qf1 Qe7 49. Qc1 Ra2 50. Qb1 Rxa6 51. Qb8+ Kh7 52. Be4+ g6 53. Qb7 Qxb7 54. Bxb7 Ra5 55. Kg2 g5 56. hxg5 Rxg5+ 57. Kf3 Kg6 58. Ke4 Kf6 59. d4 Rg4+ 60. f4 Rg7 61. Bc6 Re7+ 62. Kd5 Kf5 63. Kd6 Ra7 64. Bd7+ Kxf4 65. c5 Ke4 66. d5 Kd4 67. c6 Kc4 68. Be6 Ra6 69. Kd7 Kc5 70. c7 Ra7 71. Kd8 Rxc7 72. Kxc7 1-0

[Event "BLR-ch 82nd"]
[Site "Minsk"]
[Date "2016.01.11"]
[Round "5"]
[White "Zhigalko, Sergei"]
[Black "Fedorov, Alexei"]
[Result "1-0"]
[WhiteElo "2655"]
[BlackElo "2563"]
[PlyCount "137"]
[EventDate "2016.01.07"]
[EventType "tourn"]
[EventRounds "13"]
[EventCountry "BLR"]
[EventCategory "8"]
[SourceTitle "CBM 170 Extra"]
[Source "ChessBase"]
[SourceDate "2016.02.25"]
[SourceVersion "1"]
[SourceVersionDate "2016.02.25"]
[SourceQuality "1"]

1. e4 c5 2. Nf3 e6 3. d4 cxd4 4. Nxd4 a6 5. Bd3 Bc5 6. Nb3 Be7 7. Qg4 g6 8. Qg3 d6 9. O-O Nc6 10. Nc3 Nf6 11. a4 e5 12. Bc4 Nb4 13. Bg5 Nh5 14. Qf3 Be6 15. Bxe6 fxe6 16. Bxe7 Kxe7 17. Rad1 Qc7 18. Rd2 h6 19. Rfd1 Rad8 20. Qg4 Nf6 21. Qe2 g5 22. Nb1 Kf7 23. Na3 d5 24. c3 Nc6 25. Nc5 Qe7 26. b4 d4 27. Qc4 Rc8 28. cxd4 exd4 29. Qb3 b6 30. Nxa6 Nxe4 31. Qf3+ Nf6 32. Nc4 g4 33. Qg3 e5 34. Re2 Qe6 35. Nxb6 Nh5 36. Qa3 Nf4 37. Re4 Rcf8 38. Nc5 Qf5 39. Nbd7 Rd8 40. b5 Rxd7 41. bxc6 Rd5 42. Ree1 Rc8 43. Qb3 Kg6 44. Nd3 Nxd3 45. Rxd3 Rc5 46. h3 h5 47. hxg4 hxg4 48. Rg3 R5xc6 49. f3 Rc1 50. Rxg4+ Qxg4 51. fxg4 Rxe1+ 52. Kf2 Rcc1 53. Qe6+ Kg7 54. g5 Rf1+ 55. Kg3 Rce1 56. Qh6+ Kg8 57. a5 d3 58. Qg6+ Kf8 59. Qxd3 e4 60. Qd6+ Kf7 61. a6 Ra1 62. Kg4 e3 63. Qd7+ Kg6 64. Qe6+ Kg7 65. Qe7+ Kg6 66. Qe4+ Kg7 67. Qxe3 Ra4+ 68. Kg3 Rxa6 69. Qc3+ 1-0

[Event "BLR-ch 82nd"]
[Site "Minsk"]
[Date "2016.01.12"]
[Round "6"]
[White "Stetsko, Lanita"]
[Black "Zhigalko, Sergei"]
[Result "1-0"]
[WhiteElo "2285"]
[BlackElo "2655"]
[PlyCount "81"]
[EventDate "2016.01.07"]
[EventType "tourn"]
[EventRounds "13"]
[EventCountry "BLR"]
[EventCategory "8"]
[SourceTitle "CBM 170 Extra"]
[Source "ChessBase"]
[SourceDate "2016.02.25"]
[SourceVersion "1"]
[SourceVersionDate "2016.02.25"]
[SourceQuality "1"]

1. e4 c5 2. Nf3 d6 3. d4 cxd4 4. Nxd4 Nf6 5. Nc3 a6 6. Be3 e6 7. Be2 Qc7 8. a4 b6 9. f4 Bb7 10. Bf3 Nbd7 11. Nb3 Be7 12. O-O O-O 13. Qe2 Rac8 14. Rad1 e5 15. f5 Qc4 16. Qf2 Nc5 17. Nxc5 bxc5 18. Bg5 Rfd8 19. Qe3 Qb4 20. Kh1 h6 21. Bxh6 gxh6 22. Qxh6 d5 23. exd5 Rd6 24. Qh3 Bf8 25. Be4 Bg7 26. Rde1 Rcd8 27. Qf3 Ba8 28. g4 Nxe4 29. Rxe4 Rxd5 30. Rxb4 cxb4 31. Kg1 bxc3 32. Qxc3 Bf8 33. Kf2 Rc5 34. Qe3 Rxc2+ 35. Kg3 f6 36. Qb3+ Bd5 37. Qxc2 Rb8 38. Qd2 Rb3+ 39. Kh4 Bf7 40. Rc1 Bb4 41. Qh6 1-0

[Event "BLR-ch 82nd"]
[Site "Minsk"]
[Date "2016.01.13"]
[Round "7"]
[White "Zhigalko, Sergei"]
[Black "Savitski, Andrei"]
[Result "1-0"]
[WhiteElo "2655"]
[BlackElo "2185"]
[PlyCount "93"]
[EventDate "2016.01.07"]
[EventType "tourn"]
[EventRounds "13"]
[EventCountry "BLR"]
[EventCategory "8"]
[SourceTitle "CBM 170 Extra"]
[Source "ChessBase"]
[SourceDate "2016.02.25"]
[SourceVersion "1"]
[SourceVersionDate "2016.02.25"]
[SourceQuality "1"]

1. e4 c6 2. d4 d5 3. e5 Bf5 4. Nf3 e6 5. Be2 Nd7 6. O-O h6 7. Nbd2 Ne7 8. Nb3 Qc7 9. a4 Bg4 10. h3 Bxf3 11. Bxf3 Nf5 12. Bf4 Be7 13. a5 O-O 14. Bg4 Nh4 15. Qe2 b6 16. c4 bxa5 17. Nxa5 Bb4 18. Nb3 dxc4 19. Qxc4 a5 20. Rfc1 Ng6 21. Be3 Ne7 22. Nd2 Nb6 23. Qe2 Nbd5 24. Ne4 Nf5 25. Rc4 Nb6 26. Rc2 Rfd8 27. Bxf5 exf5 28. Ng3 f4 29. Bxf4 Rxd4 30. Qf3 Qd7 31. Bxh6 gxh6 32. Nf5 Bf8 33. e6 fxe6 34. Nxd4 Qxd4 35. Rd1 Qb4 36. Qxc6 Qb3 37. Qe4 Rc8 38. Qg6+ Kh8 39. Rd7 Nxd7 40. Rxc8 Qd1+ 41. Kh2 Qd6+ 42. g3 Ne5 43. Qxh6+ Kg8 44. Qf6 a4 45. Re8 Nd7 46. Qg6+ Kh8 47. Qf7 1-0

[Event "BLR-ch 82nd"]
[Site "Minsk"]
[Date "2016.01.14"]
[Round "8"]
[White "Maiorov, Nikita"]
[Black "Zhigalko, Sergei"]
[Result "1/2-1/2"]
[WhiteElo "2572"]
[BlackElo "2655"]
[PlyCount "57"]
[EventDate "2016.01.07"]
[EventType "tourn"]
[EventRounds "13"]
[EventCountry "BLR"]
[EventCategory "8"]
[SourceTitle "CBM 170 Extra"]
[Source "ChessBase"]
[SourceDate "2016.02.25"]
[SourceVersion "1"]
[SourceVersionDate "2016.02.25"]
[SourceQuality "1"]

1. d4 Nf6 2. c4 e6 3. Nc3 Bb4 4. Qc2 O-O 5. a3 Bxc3+ 6. Qxc3 d6 7. Nf3 a5 8. b3 Re8 9. Bb2 Nc6 10. Rd1 Qe7 11. g3 e5 12. dxe5 dxe5 13. Bg2 h6 14. O-O Bf5 15. h3 Qe6 16. Kh2 Bh7 17. Qc1 Be4 18. Rfe1 Rab8 19. Bf1 Qf5 20. Qe3 b5 21. cxb5 Rxb5 22. Nd2 Bc2 23. Rc1 Rd8 24. Bg2 Nd4 25. Bxd4 exd4 26. Qf3 Qxf3 27. Nxf3 Rc5 28. Ne5 Rxe5 29. Rxc2 1/2-1/2

[Event "BLR-ch 82nd"]
[Site "Minsk"]
[Date "2016.01.15"]
[Round "9"]
[White "Zhigalko, Sergei"]
[Black "Kocheev, Aleksandr"]
[Result "1-0"]
[WhiteElo "2655"]
[BlackElo "2358"]
[PlyCount "61"]
[EventDate "2016.01.07"]
[EventType "tourn"]
[EventRounds "13"]
[EventCountry "BLR"]
[EventCategory "8"]
[SourceTitle "CBM 170 Extra"]
[Source "ChessBase"]
[SourceDate "2016.02.25"]
[SourceVersion "1"]
[SourceVersionDate "2016.02.25"]
[SourceQuality "1"]

1. d4 d5 2. c4 dxc4 3. Nf3 Nf6 4. e3 Bg4 5. Bxc4 e6 6. Nc3 a6 7. h3 Bh5 8. g4 Bg6 9. Ne5 Nbd7 10. Nxg6 hxg6 11. Qf3 c6 12. Bd2 Be7 13. O-O-O c5 14. Qxb7 O-O 15. Bb3 Nb6 16. dxc5 Bxc5 17. g5 Rb8 18. Qxa6 Nfd5 19. Ne4 Be7 20. Kb1 Qc7 21. f4 Ra8 22. Qb5 Rfb8 23. Rc1 Qa7 24. Rhd1 Nd7 25. Qd3 Qb7 26. Rc4 Qa6 27. Rd4 Qb7 28. Rc1 Qb6 29. Rxd5 exd5 30. Qxd5 Qb5 31. Rc8+ 1-0

[Event "BLR-ch 82nd"]
[Site "Minsk"]
[Date "2016.01.16"]
[Round "10"]
[White "Nikitenko, Mihail"]
[Black "Zhigalko, Sergei"]
[Result "0-1"]
[WhiteElo "2396"]
[BlackElo "2655"]
[PlyCount "84"]
[EventDate "2016.01.07"]
[EventType "tourn"]
[EventRounds "13"]
[EventCountry "BLR"]
[EventCategory "8"]
[SourceTitle "CBM 170 Extra"]
[Source "ChessBase"]
[SourceDate "2016.02.25"]
[SourceVersion "1"]
[SourceVersionDate "2016.02.25"]
[SourceQuality "1"]

1. e4 c5 2. Nf3 d6 3. d4 cxd4 4. Nxd4 Nf6 5. Nc3 a6 6. Be2 e5 7. Nb3 Be7 8. O-O O-O 9. Be3 Be6 10. Nd5 Nxd5 11. exd5 Bf5 12. Qd2 Bg6 13. c4 a5 14. Rac1 Nd7 15. Kh1 a4 16. Na1 Nc5 17. Nc2 Ne4 18. Qd1 Nc5 19. Qd2 h6 20. Na3 Ne4 21. Qb4 Bg5 22. Bb6 Bd2 23. Bxd8 Bxb4 24. Bb6 Nc5 25. Nb5 Ra6 26. Bxc5 Bxc5 27. Rc3 Bd4 28. Nxd4 exd4 29. Ra3 Rb6 30. b3 Re8 31. Bf3 Bc2 32. Bd1 axb3 33. axb3 Bd3 34. Rg1 Ra6 35. Rxa6 bxa6 36. g4 g5 37. Kg2 Kg7 38. Bf3 Rb8 39. Ra1 Rxb3 40. Rxa6 Rb1 41. h3 Bxc4 42. Rxd6 Bf1+ 0-1

[Event "BLR-ch 82nd"]
[Site "Minsk"]
[Date "2016.01.17"]
[Round "11"]
[White "Zhigalko, Sergei"]
[Black "Terzi, Alexei"]
[Result "1-0"]
[WhiteElo "2655"]
[BlackElo "2311"]
[PlyCount "67"]
[EventDate "2016.01.07"]
[EventType "tourn"]
[EventRounds "13"]
[EventCountry "BLR"]
[EventCategory "8"]
[SourceTitle "CBM 170 Extra"]
[Source "ChessBase"]
[SourceDate "2016.02.25"]
[SourceVersion "1"]
[SourceVersionDate "2016.02.25"]
[SourceQuality "1"]

1. e4 c5 2. Nf3 d6 3. d4 cxd4 4. Nxd4 Nf6 5. Nc3 g6 6. Be3 Bg7 7. f3 O-O 8. Qd2 Nc6 9. Bc4 Bd7 10. O-O-O Ne5 11. Bb3 Rc8 12. Kb1 Nc4 13. Bxc4 Rxc4 14. g4 Re8 15. h4 Qa5 16. Nb3 Qa6 17. Bh6 Bh8 18. e5 Nxg4 19. fxg4 Bxe5 20. h5 Bxg4 21. hxg6 hxg6 22. Rdf1 Be6 23. Bf4 Bf6 24. Be3 Rh4 25. Bg5 Rxh1 26. Rxh1 Be5 27. Bf4 Bg7 28. Qh2 f6 29. Bh6 Bh8 30. Bf8 Kf7 31. Qh7+ Kxf8 32. Qxh8+ Bg8 33. Rh7 Qf1+ 34. Nc1 1-0

[Event "BLR-ch 82nd"]
[Site "Minsk"]
[Date "2016.01.18"]
[Round "12"]
[White "Zhigalko, Sergei"]
[Black "Stupak, Kirill"]
[Result "1-0"]
[WhiteElo "2655"]
[BlackElo "2529"]
[PlyCount "80"]
[EventDate "2016.01.07"]
[EventType "tourn"]
[EventRounds "13"]
[EventCountry "BLR"]
[EventCategory "8"]
[SourceTitle "CBM 170 Extra"]
[Source "ChessBase"]
[SourceDate "2016.02.25"]
[SourceVersion "1"]
[SourceVersionDate "2016.02.25"]
[SourceQuality "1"]

1. e4 e6 2. d4 d5 3. Nd2 c5 4. Ngf3 cxd4 5. Nxd4 Nc6 6. Bb5 Bd7 7. Nxc6 Bxc6 8. Bxc6+ bxc6 9. c4 Bd6 10. cxd5 exd5 11. exd5 cxd5 12. O-O Ne7 13. Nf3 O-O 14. Bd2 Qb6 15. Bc3 Rfd8 16. Qd3 h6 17. Rad1 Bb4 18. Bd4 Bc5 19. Rfe1 Nc6 20. Bxc5 Qxc5 21. a3 Rab8 22. b4 Qd6 23. h3 Rb7 24. Rc1 Re7 25. Rxe7 Nxe7 26. Qd4 Rc8 27. Rxc8+ Nxc8 28. a4 a6 29. Ne5 Ne7 30. b5 axb5 31. axb5 f6 32. Nd3 Nc8 33. Nb4 Nb6 34. Nc6 Nd7 35. Qg4 Kf8 36. Nd4 Qe7 37. Nf5 Qf7 38. b6 h5 39. Qb4+ Kg8 40. b7 Qf8 1-0

[Event "BLR-ch 82nd"]
[Site "Minsk"]
[Date "2016.01.19"]
[Round "13"]
[White "Kovalev, Vladislav"]
[Black "Zhigalko, Sergei"]
[Result "1/2-1/2"]
[WhiteElo "2538"]
[BlackElo "2655"]
[PlyCount "20"]
[EventDate "2016.01.07"]
[EventType "tourn"]
[EventRounds "13"]
[EventCountry "BLR"]
[EventCategory "8"]
[SourceTitle "CBM 170 Extra"]
[Source "ChessBase"]
[SourceDate "2016.02.25"]
[SourceVersion "1"]
[SourceVersionDate "2016.02.25"]
[SourceQuality "1"]

1. e4 c5 2. Nf3 d6 3. Bb5+ Nd7 4. d4 cxd4 5. Qxd4 a6 6. Bxd7+ Bxd7 7. c4 Bg4 8. Nc3 Bxf3 9. gxf3 Rc8 10. Qa7 Rxc4 1/2-1/2

[Event "Vladimir Petrov Memorial op"]
[Site "Jurmala"]
[Date "2016.03.05"]
[Round "1"]
[White "Sotsky, Alexander"]
[Black "Zhigalko, Sergei"]
[Result "1/2-1/2"]
[WhiteElo "2363"]
[BlackElo "2647"]
[PlyCount "131"]
[EventDate "2016.03.05"]
[EventType "swiss (rapid)"]
[EventRounds "12"]
[EventCountry "LAT"]
[SourceTitle "CBM 171 Extra"]
[Source "ChessBase"]
[SourceDate "2016.04.26"]
[SourceVersion "1"]
[SourceVersionDate "2016.04.26"]
[SourceQuality "1"]

1. d4 Nf6 2. c3 e6 3. Bg5 h6 4. Bh4 b6 5. e3 Bb7 6. f4 Be7 7. Nf3 d6 8. Bd3 Nbd7 9. Qe2 Ne4 10. Bxe7 Qxe7 11. Nbd2 f5 12. O-O-O Ndf6 13. Rhg1 O-O-O 14. Ba6 g5 15. g3 g4 16. Nh4 Qd7 17. Bxb7+ Kxb7 18. Nxe4 Nxe4 19. Kb1 h5 20. Rc1 Qf7 21. Rgd1 c6 22. Qc4 Rd7 23. a4 Rc8 24. Qb3 c5 25. a5 c4 26. Qb5 d5 27. Kc2 Nd6 28. Qb4 b5 29. a6+ Kxa6 30. Ra1+ Kb7 31. Ra5 Rc6 32. Rda1 Kb8 33. Ra6 Rdc7 34. Ng2 Kc8 35. Qa5 Rxa6 36. Qxa6+ Kd7 37. Nh4 Qe8 38. Qa5 Qf7 39. Qb4 Rb7 40. Ra6 Nc8 41. Ra5 Qe7 42. Rxb5 Qxb4 43. Rxb4 Rxb4 44. cxb4 Kc6 45. Ng6 Nb6 46. Kc3 Na4+ 47. Kc2 Kd6 48. Ne5 Nb6 49. Nf7+ Ke7 50. Ne5 Nc8 51. b3 cxb3+ 52. Kxb3 Nd6 53. Nc6+ Kd7 54. Nxa7 Kc7 55. b5 Kb6 56. Nc6 Nc4 57. Nd8 Nxe3 58. Nxe6 Nf1 59. Ng7 h4 60. Nxf5 h3 61. Ne7 Nxh2 62. Nxd5+ Kxb5 63. Ne3 Nf3 64. Nxg4 Nxd4+ 65. Kc3 Ne2+ 66. Kd2 1/2-1/2

[Event "Vladimir Petrov Memorial op"]
[Site "Jurmala"]
[Date "2016.03.05"]
[Round "4"]
[White "Zhigalko, Sergei"]
[Black "Berzinsh, Roland"]
[Result "1-0"]
[WhiteElo "2647"]
[BlackElo "2394"]
[PlyCount "59"]
[EventDate "2016.03.05"]
[EventType "swiss (rapid)"]
[EventRounds "12"]
[EventCountry "LAT"]
[SourceTitle "CBM 171 Extra"]
[Source "ChessBase"]
[SourceDate "2016.04.26"]
[SourceVersion "1"]
[SourceVersionDate "2016.04.26"]
[SourceQuality "1"]

1. e4 e5 2. Nf3 d6 3. d4 exd4 4. Qxd4 a6 5. Bg5 Nc6 6. Qd2 Be7 7. Nc3 Bxg5 8. Nxg5 h6 9. Nf3 Nf6 10. Nd4 O-O 11. O-O-O Bd7 12. f3 Nxd4 13. Qxd4 Bc6 14. g4 Nd7 15. h4 Qf6 16. Qe3 Ne5 17. Be2 Ng6 18. Kb1 Qf4 19. Qf2 Ne5 20. Rhf1 Rfe8 21. Bd3 Qf6 22. g5 hxg5 23. hxg5 Qxg5 24. f4 Nxd3 25. cxd3 Qf6 26. Rh1 Kf8 27. Rc1 Ke7 28. Nd5+ Bxd5 29. Rxc7+ Ke6 30. f5+ 1-0